00497nam a2200145 a 4500001001000000003000900010005001700019008004100036040002500077082001500102245009700117260007500214300003000289504003200319000032973DO-SdBNP20210630153533.0110804s1951 dr c 000 0 spa d aDO-SdBNPbspacBNPHU axxxxbF29300aFederico García Godoy :bantología /cselección, prólogo y notas Joaquín Balaguer. aCiudad Trujillo, República Dominicana :bLibreria Dominicana,c1951. a221 p. :bretr. ;c19 cm. aBibliografía : p. 220-221